Normal view
MARC view
- Supervisor Kamran Aziz Bhatti Co-Supervisor Shahzad Amin Sheikh
Entry Corporate Name
001 - CONTROL NUMBER
- control field: 119601
003 - CONTROL NUMBER IDENTIFIER
- control field: NUST
005 - DATE AND TIME OF LATEST TRANSACTION
- control field: 20231211095339.0
008 - FIXED-LENGTH DATA ELEMENTS
- fixed length control field: 231211|| aca||aabn | a|a d
040 ## - CATALOGING SOURCE
- Original cataloging agency: NUST
- Transcribing agency: NUST
110 ## - HEADING--CORPORATE NAME
- Corporate name or jurisdiction name as entry element: Supervisor Kamran Aziz Bhatti Co-Supervisor Shahzad Amin Sheikh
670 ## - SOURCE DATA FOUND
- Source citation: Work cat.: (NUST): Abdul Rehman Faisal Ayesha Babar Mashhood Ahmad Khan 119600, PR-SOF-2252-FPGA Implementation of CNN for Lung Cancer Diagnosis, 2023.
